000 00646nam a22001937a 4500
005 20130711161535.0
010 _aENG-107958
020 _c595.00
_a9789350352311
035 _aEN-91491
037 _bDBAD/PUB
100 _aParameswaran, S.
245 0 0 _aLaw of affidavits :
_cby S. Parameswaran
_bwith more than 200 model forms of affidavits /
250 _a4th ed
260 _aDelhi
_bUniversal Law Publishing Co.
_c2013
270 _aC-FF-1A, Dilkhus Industrial Estate, (Near Azadpur Metro Station) G.T. Karnal Road,
_bDelhi
_e110033
300 _axlvi,349p.
_c26cm(Hb)
_e1 CD-ROM
500 _aIncludes subject index
942 _2ddc
_cEN
_mPAR
999 _c77412
_d77412